Scottish planning policy SPP 3 (Record no. 108550)

MARC details
000 -LEADER
fixed length control field 01215cad a22002895a 4500
001 - CONTROL NUMBER
control field E144582
008 - FIXED-LENGTH DATA ELEMENTS--GENERAL INFORMATION
fixed length control field 080730s2008 xxk f s000 0 eng d
020 ## - INTERNATIONAL STANDARD BOOK NUMBER
International Standard Book Number 9780755971763
022 1# - INTERNATIONAL STANDARD SERIAL NUMBER
International Standard Serial Number 1741-1203
035 ## - SYSTEM CONTROL NUMBER
System control number (Sirsi) u144582
041 0# - LANGUAGE CODE
Language code of text/sound track or separate title eng
050 04 - LIBRARY OF CONGRESS CALL NUMBER
Classification number 711.1 $2 18
110 2# - MAIN ENTRY--CORPORATE NAME
Corporate name or jurisdiction name as entry element Scotland
Subordinate unit Scottish Government
9 (RLIN) 5344
245 00 - TITLE STATEMENT
Title Scottish planning policy SPP 3
Remainder of title planning for homes
Medium [electronic resource]
250 ## - EDITION STATEMENT
Edition statement Revised 2008
260 ## - PUBLICATION, DISTRIBUTION, ETC.
Place of publication, distribution, etc. Edinburgh
Name of publisher, distributor, etc. Scottish Government
Date of publication, distribution, etc. 2008
490 #0 - SERIES STATEMENT
Series statement Scottish Planning Policies
Volume/sequential designation SPP 3
520 ## - SUMMARY, ETC.
Summary, etc. Presents the Scottish Government's policy on identifying housing requirements, providing land for housing and delivering homes using the planning system. The aim is to provide an improved range of housing better meet the needs of Scotland's population.
520 ## - SUMMARY, ETC.
Summary, etc. Supersedes the previous edition (ISBN 0755923235).
521 ## - TARGET AUDIENCE NOTE
Target audience note Introductory
590 ## - LOCAL NOTE (RLIN)
Local note KA
650 24 - SUBJECT ADDED ENTRY--TOPICAL TERM
Topical term or geographic name entry element SPP3
651 #4 - SUBJECT ADDED ENTRY--GEOGRAPHIC NAME
Geographic name Scotland
Chronological subdivision 1999-
690 ## - LOCAL SUBJECT ADDED ENTRY--TOPICAL TERM (OCLC, RLIN)
Topical term or geographic name as entry element PROPERTY-RESIDENTIAL PROPERTY-DOMESTIC RESIDENTIAL PROPERTY-HOUSING
856 40 - ELECTRONIC LOCATION AND ACCESS
Uniform Resource Identifier <a href="https://www.scotland.gov.uk/Publications/2008/07/25092557/0">https://www.scotland.gov.uk/Publications/2008/07/25092557/0</a>
Public note View the guidance free of charge at www.scotland.gov.uk...
942 ## - ADDED ENTRY ELEMENTS (KOHA)
Suppress in OPAC 0
Holdings
Withdrawn status Lost status Source of classification or shelving scheme Damaged status Not for loan Home library Current library Shelving location Date acquired Total Checkouts Full call number Barcode Date last seen Copy number Price effective from Koha item type
    Dewey Decimal Classification     Virtual Virtual Online 30/07/2008   ONLINE PUBLICATION 144582-2001 06/08/2019 1 06/08/2019 Book